EVOLUCION ORINIQUIA (Registro nro. 20408)

Detalles MARC
000 -CABECERA
Campo de control 00442nam a22001697a 4500
005 - FECHA Y HORA DE LA ULTIMA TRANSACCION
Campo de control 20190227112658.0
008 - ELEMENTOS DE LONGITUD FIJA—INFORMACION GENERAL
Campo de control 190227b xxu||||| |||| 00| 0 spa d
040 ## - FUENTE DE CATALOGACIÓN
Agencia catalogadora original CO-BoIAVH
Agencia transcriptora CO-BoIAVH
041 ## - IDIOMA
Código de idioma para texto/pista de sonido o título separado Español
044 ## - PAÍS DE PUBLICACIÓN
País de publicación Colombia
090 ## - CLASIFICACIÓN LOCAL
Colección FG
Consecutivo 0308
110 ## - ASIENTO PRINCIPAL--NOMBRE CORPORATIVO
Nombre corporativo o de jurisdicción como elemento de entrada FUNDACION NATURA COLOMBIA
9 (RLIN) 2985
245 ## - MENCION DE TITULO
Título EVOLUCION ORINIQUIA
260 ## - PUBLICACION, DISTRIBUCION, ETC. (PIE DE IMPRENTA)
Lugar de publicación, distribución, etc. COLOMBIA:
Nombre del editor, distribuidor, etc. FUNDACION NATURA COLOMBIA,
Fecha de publicación, distribución, etc. S.F.
300 ## - DESCRIPCION FISICA
Extensión FOLLETO
Dimensiones 16-24cm
942 ## - ELEMENTOS ADICIONALES (KOHA)
Sistema de clasificación Local
Tipo de ítem Folleto
Existencias
Withdrawn status Lost status Sistema de Clasificación Damaged status No para préstamo Colección Ubicación Permanente Ubicación actual Fecha de adquisición Total Checkouts Número topográfico Inventario / Código de Barras Date last seen Ejemplar Price effective from Forma de adquisición Tipo de material
    Local     Hemeroteca Bogotá Bogotá 27/02/2019   FG-0307 030405 27/02/2019 Ej. 1 27/02/2019 Donación Folleto